00735nam a22001691i 4500001000700000003000900007005001700016008004100033080002600074100005300100245014300153260005300296300002200349852005200371999001900423952012300442183155ES-MaACL20250904063110.0140127s1972 ag |||| | spa d a821.134.2(861)-32"19"1 aGarcía Márquez, Gabriel, d1927-2014924219113aLa increible y triste historia de la cándida Eréndira y de su abuela desalmada b: siete cuentos / c[por] Gabriel García Márquez. aBuenos Aires : bEditorial Sudamericana, c1972. a163 p. ; c20 cm. aES-MaACLjL-29971 z.- Donat. Miguel A. Velasco c183155d183155 00104070aATENEOMbATENEOMcDEPO2d2014-01-27eDONl0oL-29971p1192500r2023-02-23 00:00:00w2023-02-23yMONOGRAFIA